000 00696nam a2200217Ii 4500
003 JO-AjNU
008 230605s9999||||xx |||||||||||||| ||und||
017 _a2000/5598
020 _a977-305-205-2
040 _aJO-AjNU
_bara
_erda
_cJO-AjNU
041 _aara
050 1 4 _aQ175.2.V5612 2000
100 3 _aفينك، دومينك ؛ ترجمة ماجدة اباظة ,
_eauthor
_945395
245 0 0 _aعلم اجتماع العلوم
264 3 1 _aعمان:المجلس الاعلى للثقافة ، 2000
300 _a379ص
336 _atext
_btxt
_2rdacontent
337 _aunmediated
_bn
_2rdamedia
338 _avolume
_bnc
_2rdacarrier
650 4 _aالعلم والمجتمع
_945396
999 _aA19674
_c23242
_d23242